000
00252nam a22001217a 4500
008
170930b xxu||||| |||| 00| 0 eng d
041
_a
eng
080
_a
37
100
_a
47
101
_a
EDU
245
_a
CASEFILES
_c
CARPENTER, L.J
942
_2
udc
_c
BK
999
_c
31029
_d
31029